00941 a2200193 45000010006000000050017000060080041000230030015000640400040000790800077001192450058001960200018002542640048002723000019003205050285003390410008006241000020006328560095006524429120260407155721.0260407a2004 arg spa dAR-UNSa-BCEJYS aAR-UNSa-BCEJYSbspacAR-UNSa-BCEJYS a336.77xCrédito. Función económica del crédito (Microcréditos)10aMicrocréditospuna estrategia contra la exclusión a987-545-193-2 1aBuenos Aires :bGrupo Editorial Normac2004 a159 p.c23 cm. a1. ¿Qué son las microfinanzas? - 2. Contexto internacional - 3. Aspectos específicos - 4. La situación de la IMFS en nuestro país - 5. Fortalezas y debilidades para el desarrollo de las microfinanzas en la Argentina - 6. Un ejemplo de que juntos se puede - 7. Testimonios aspa1 aBekerman, Marta41uhttps://biblioeco.unsa.edu.ar/pmb/images/libros/L117566.jpgyImagen de portadaqimage/jpeg